| 000 | 01640nam a22003734a 4500 | ||
|---|---|---|---|
| 001 | ebr10211457 | ||
| 003 | CaPaEBR | ||
| 006 | m u | ||
| 007 | cr cn||||||||| | ||
| 008 | 061002s2007 vtu s 001 0 eng | ||
| 010 | _z 2006032446 | ||
| 020 | _z9780754647546 (alk. paper) | ||
| 020 | _z0754647544 (alk. paper) | ||
| 040 |
_aCaPaEBR _cCaPaEBR |
||
| 035 | _a(OCoLC)319492059 | ||
| 050 | 1 | 4 |
_aK888 _b.V48 2007eb |
| 082 | 0 | 4 |
_a344.01/891 _222 |
| 100 | 1 | _aVettori, Stella. | |
| 245 | 1 | 4 |
_aThe employment contract and the changed world of work _h[electronic resource] / _cby Stella Vettori. |
| 260 |
_aBurlington, VT : _bAshgate Pub., _cc2007. |
||
| 300 | _aix, 198 p. | ||
| 490 | 1 | _aCorporate social responsibility series | |
| 500 | _aIncludes bibliographical references ( p. 187-193) and index. | ||
| 505 | 0 | _aA new role for the contract of employment -- Good faith as underlying principle of contract -- The bases for the implication on terms -- Sources of implied terms -- Fairness in the contract of employment -- Atypical employees. | |
| 533 |
_aElectronic reproduction. _bPalo Alto, Calif. : _cebrary, _d2013. _nAvailable via World Wide Web. _nAccess may be limited to ebrary affiliated libraries. |
||
| 650 | 0 | _aLabor contract. | |
| 650 | 0 | _aGood faith (Law) | |
| 650 | 0 | _aStandardized terms of contract. | |
| 650 | 0 | _aCorporate governance. | |
| 655 | 7 |
_aElectronic books. _2local |
|
| 710 | 2 | _aebrary, Inc. | |
| 830 | 0 | _aCorporate social responsibility series. | |
| 856 | 4 | 0 |
_uhttp://site.ebrary.com/lib/rucke/Doc?id=10211457 _zAn electronic book accessible through the World Wide Web; click to view |
| 999 |
_c228207 _d228207 |
||